All About Star Wars 14 Jokes Quiz Stats

 Plays Quiz not verified by Sporcle

Challenge
Share
Tweet
Embed
Score 0/20 Timer 05:00
1 Play Today
% Correct
???
63.7%
???
58.9%
???
58.4%
???
58.4%
???
57.4%
???
57.4%
???
57.4%
???
56.8%
???
56.8%
???
55.3%
% Correct
???
54.7%
???
54.2%
???
53.7%
???
53.2%
???
52.6%
???
52.1%
???
51.1%
???
51.1%
???
49.5%
???
49.5%

You're not logged in!

Compare scores with friends on all Sporcle quizzes.
OR
Log In

You Might Also Like...

Show Comments

Extras

Created May 16, 2017ReportNominate
Tags:Star Wars Quiz, jokes

Top Quizzes Today


Score Distribution

Your Account Isn't Verified!

In order to create a playlist on Sporcle, you need to verify the email address you used during registration. Go to your Sporcle Settings to finish the process.

Report this User

Report this user for behavior that violates our Community Guidelines.

Details: